Estatísticas para Verdadeiro ou Falso: Ciência

Clique aqui para jogar o quiz

Estatísticas Gerais

  • Esse quiz foi jogado 32 662 vezes
  • A pontuação média é 10 de 15

Estatísticas das Respostas

QuestãoResposta% Correto
Existem partes da Lua que nunca são visíveis da TerraVerdadeiro
85%
Insetos são animaisVerdadeiro
82%
Células de plantas têm uma parede celularVerdadeiro
82%
Baleias podem respirar debaixo da águaFalso
76%
Humanos são os únicos animais capazes de usar ferramentasFalso
75%
Pandas Gigantes são tipos de ursoVerdadeiro
67%
Todo planeta do Sistema Solar possui pelo menos uma luaFalso
66%
Pássaros têm placentaFalso
66%
A Terra nunca foi tão quente como hoje em diaFalso
63%
A Terra é maior que MarteVerdadeiro
63%
É impossível repartir um átomoFalso
58%
A maioria dos humanos modernos possuem DNA dos neandertaisVerdadeiro
55%
Os polos magnéticos da Terra podem trocar de posiçãoVerdadeiro
53%
Água sempre ferve a aproximadamente 100° CelsiusFalso
35%
O Oceano Pacífico está ficando mais largo com o passar do tempoFalso
35%

Distribuição das Pontuações

Percentil de Números Respondidos

Porcentagem de Pessoas com Cada Pontuação

Sua Pontuação Histórica

Você não jogou esse quiz